Código de las Siete Partidas del Rey D. Alfonso el Sabio. (Record no. 22069)

MARC details
000 -LEADER
campo de control de longitud fija 01054nam a2200241 i 4500
001 - NÚMERO DE CONTROL
campo de control 22069
003 - IDENTIFICADOR DE NÚMERO DE CONTROL
campo de control ES-MaACL
005 - FECHA Y HORA DE LA ÚLTIMA TRANSACCIÓN
campo de control 20250813040328.0
007 - CAMPO FIJO DE DESCRIPCIÓN FÍSICA--INFORMACIÓN GENERAL
campo de control de longitud fija t|
008 - DATOS DE LONGITUD FIJA--INFORMACIÓN GENERAL
campo de control de longitud fija 021129s1877 sp ||||1| spa d
245 00 - MENCIÓN DEL TÍTULO
Título Código de las Siete Partidas del Rey D. Alfonso el Sabio.
Número de parte o sección de la obra I,
Nombre de parte o sección de la obra Partida 1ª /
Mención de responsabilidad, etc. glosadas por Gregorio López... y nuevamente comentadas por Clemente Fernández Elías ; con la colaboración de José Ximénez Torres y vertida la glosa al castellano por Antonio Pérez Romeo.
260 ## - PUBLICACIÓN, DISTRIBUCIÓN, ETC.
Lugar de publicación, distribución, etc. Madrid :
Nombre del editor, distribuidor, etc. [s.n.],
Fecha de publicación, distribución, etc. 1877 (
Fabricante Imp. de la Nueva Prensa)
300 ## - DESCRIPCIÓN FÍSICA
Extensión 1 v. (512 p.) ;
Dimensiones 15 cm.
650 #7 - PUNTO DE ACCESO ADICIONAL DE MATERIA--TÉRMINO DE MATERIA
Término de materia o nombre geográfico como elemento de entrada Derecho-
Subdivisión geográfica Castilla (Reino)
Fuente del encabezamiento o término
9 (RLIN) 165029
700 0# - ENTRADA AGREGADA--NOMBRE PERSONAL
Nombre de persona Alfonso
Numeración X,
Títulos y otros términos asociados al nombre Rey de Castilla
9 (RLIN) 19872
700 1# - ENTRADA AGREGADA--NOMBRE PERSONAL
Nombre de persona López de Tovar, Gregorio,
Fechas asociadas al nombre 1496?-1560
9 (RLIN) 158626
700 1# - ENTRADA AGREGADA--NOMBRE PERSONAL
Nombre de persona Fernández Elías, Clemente.
9 (RLIN) 49754
700 1# - ENTRADA AGREGADA--NOMBRE PERSONAL
Nombre de persona Ximénez Torres, José.
9 (RLIN) 117512
700 1# - ENTRADA AGREGADA--NOMBRE PERSONAL
Nombre de persona Pérez Romeo, Antonio.
9 (RLIN) 91120
710 1# - ENTRADA AGREGADA--NOMBRE DE ENTIDAD CORPORATIVA
Nombre de entidad corporativa o nombre de jurisdicción como elemento de entrada Castilla (Reino).
Unidad subordinada Rey (1252-1284: Alfonso X)
9 (RLIN) 171005
852 ## - LOCALIZACIÓN
Ubicación ES-MaACL
Número de control de estantería G-10993
Holdings
Estatus retirado Estado de pérdida Estado de daño No para préstamo Colección Biblioteca de origen Biblioteca actual Ubicación en estantería Fecha de adquisición Fuente de adquisición Total de préstamos Signatura topográfica completa Código de barras Visto por última vez Precio de reemplazo Tipo de ítem Koha
        Libros del s. XIX Biblioteca del Ateneo de Madrid Biblioteca del Ateneo de Madrid Sala Pecera Planta 3 17/01/2008     G-10993 1022683 23/02/2023 23/02/2023 Libro impreso antiguo